Word Ladder: Ants, Flies, Gnats Quiz Stats

 Plays Quiz Updated Oct 19, 2016

Challenge
Share
Tweet
Embed
Score 0/10 Timer 01:00
0 Plays Today
Clue Answer % Correct
The inverse of goodBAD
99.3%
A place to drink with friendsBAR
99.2%
An animal domesticated for catching miceCAT
99.2%
Most popular transportation vehicle in the worldCAR
99.1%
A place of restBED
97.6%
Another word for [rung 1]. Sometimes used while campingCOT
75.7%
Another name for a swampBOG
72.2%
Deep sleepers often sleep like this objectLOG
69.6%
A portion of landLOT
67.9%
One of the most abundant and diverse organisms on earthBUG
51.6%

Today's Daily Dose

You're not logged in!

Compare scores with friends on all Sporcle quizzes.
Join for Free
OR
Log In

You Might Also Like...

Show Comments

Extras

Top Quizzes Today


Score Distribution

Your Account Isn't Verified!

In order to create a playlist on Sporcle, you need to verify the email address you used during registration. Go to your Sporcle Settings to finish the process.

Report this User

Report this user for behavior that violates our Community Guidelines.

Details: